[Event "10th Montreal International Chess Tourn"]
[Site "Montreal"]
[Date "2009.??.??"]
[Round "9"]
[White "Bluvshtein"]
[Black "Bhat"]
[Result "1/2-1/2"]
[WhiteElo "2558"]
[BlackElo "2473"]
[PlyCount "39"]
[EventDate "2009.??.??"]
[EventCountry "CAN"]

1. d4 d5 2. c4 c6 3. Nf3 Nf6 4. e3 e6 5. Nbd2 c5 6. cxd5 exd5 7. b3 cxd4 8.
Nxd4 Bb4 9. Bd3 Bc3 10. Ba3 Nc6 11. Rc1 Qa5 12. Nb5 Bb4 13. Rxc6 bxc6 14. Bxb4
Qxb4 15. Nc7+ Kd7 16. Nxa8 Qc3 17. Bf5+ Ke7 18. Qc2 Qxc2 19. Bxc2 Kd6 20. b4
1/2-1/2

[Event "10th Montreal International Chess Tourn"]
[Site "Montreal"]
[Date "2009.??.??"]
[Round "9"]
[White "Naiditsch"]
[Black "Tiviakov"]
[Result "1/2-1/2"]
[WhiteElo "2697"]
[BlackElo "2674"]
[PlyCount "197"]
[EventDate "2009.??.??"]
[EventCountry "CAN"]

1. e4 d5 2. exd5 Qxd5 3. Nc3 Qd6 4. d4 Nf6 5. Nf3 c6 6. Ne5 Nbd7 7. Nc4 Qc7 8.
a4 g6 9. Qf3 Bg7 10. Bf4 Qd8 11. a5 Nh5 12. Be3 O-O 13. g4 Nhf6 14. Bg2 Nb8 15.
Ne5 Be6 16. O-O Nd5 17. Ne4 Qc8 18. h3 Nd7 19. Nxd7 Bxd7 20. Nc5 f5 21. a6 b5
22. Qg3 Kh8 23. Bxd5 cxd5 24. g5 e5 25. Nxd7 Qxd7 26. dxe5 f4 27. Bxf4 Qf5 28.
Be3 Bxe5 29. Qg4 d4 30. Qxf5 Rxf5 31. Bd2 Rc8 32. Rac1 Rc6 33. f4 Bd6 34. c3
dxc3 35. Rxc3 Rxa6 36. Rc8+ Rf8 37. Rxf8+ Bxf8 38. f5 Bc5+ 39. Kg2 gxf5 40.
Rxf5 Rc6 41. b4 Bd4 42. Kf3 Bc3 43. Be3 Bxb4 44. Rxb5 Bf8 45. h4 h6 46. Rb8
hxg5 47. Rxf8+ Kg7 48. Ra8 gxh4 49. Rxa7+ Kf6 50. Rh7 Rc4 51. Bf4 Ke6 52. Rxh4
Rc3+ 53. Kg4 Rc6 54. Rh5 Rc4 55. Rh6+ Kd5 56. Kf5 Rc6 57. Rh1 Rc4 58. Be5 Kc6
59. Ke6 Rc5 60. Bd4 Rc4 61. Ke5 Rc2 62. Rh6+ Kd7 63. Kd5 Re2 64. Rd6+ Ke7 65.
Rg6 Kd7 66. Rg1 Re7 67. Be5 Rf7 68. Ra1 Re7 69. Bf6 Rf7 70. Ra6 Ke8 71. Ke6
Re7+ 72. Kf5 Rb7 73. Rd6 Rd7 74. Re6+ Kf7 75. Be5 Re7 76. Rh6 Ke8 77. Bd6 Rf7+
78. Ke6 Re7+ 79. Kd5 Rg7 80. Be5 Rd7+ 81. Kc6 Rd1 82. Rh7 Kf8 83. Kc5 Kg8 84.
Rg7+ Kf8 85. Rb7 Rd2 86. Bd4 Ke8 87. Rh7 Rd1 88. Kd5 Kd8 89. Ke5 Kc8 90. Ra7
Rd2 91. Kd5 Kd8 92. Ke4 Kc8 93. Ke5 Rd1 94. Bc5 Rd7 95. Ra1 Rd2 96. Bb4 Rd3 97.
Ke4 Rd7 98. Rb1 Kc7 99. Ke5 1/2-1/2

[Event "10th Montreal International Chess Tourn"]
[Site "Montreal"]
[Date "2009.??.??"]
[Round "10"]
[White "Shulman"]
[Black "Bluvshtein"]
[Result "1/2-1/2"]
[WhiteElo "2648"]
[BlackElo "2558"]
[PlyCount "102"]
[EventDate "2009.??.??"]
[EventCountry "CAN"]

1. d4 Nf6 2. c4 e6 3. Nc3 Bb4 4. e3 O-O 5. Nge2 d5 6. a3 Bd6 7. c5 Be7 8. b4 b6
9. Nf4 c6 10. Be2 Nbd7 11. Bb2 a5 12. O-O Ba6 13. Bxa6 Rxa6 14. Qe2 Ra8 15.
Rfc1 Qc7 16. Nd3 axb4 17. axb4 Rxa1 18. Rxa1 Qb7 19. f3 Ra8 20. Rc1 bxc5 21.
bxc5 Bd8 22. e4 Ba5 23. Nd1 Bd8 24. e5 Ne8 25. Ne3 Ra2 26. f4 f5 27. h3 Qb5 28.
Rc2 g6 29. Kh2 Ng7 30. Qd1 Nb8 31. Bc3 Rxc2 32. Qxc2 Na6 33. Nd1 Ne8 34. N1b2
Kf7 35. Be1 Nec7 36. g4 Ne8 37. Kg3 Ng7 38. Qa4 Qxa4 39. Nxa4 Ke8 40. Nb6 fxg4
41. hxg4 h5 42. Nc8 Kd7 43. Nd6 hxg4 44. Kxg4 Nf5 45. Bf2 Be7 46. Nf7 Nc7 47.
Nc1 Nb5 48. Ne2 Ke8 49. Nd6+ Kd7 50. Nf7 Ke8 51. Nd6+ Kd7 1/2-1/2

[Event "10th Montreal International Chess Tourn"]
[Site "Montreal"]
[Date "2009.??.??"]
[Round "10"]
[White "Roussel-Roozmon"]
[Black "Naiditsch"]
[Result "1/2-1/2"]
[WhiteElo "2487"]
[BlackElo "2697"]
[PlyCount "54"]
[EventDate "2009.??.??"]
[EventCountry "CAN"]

1. d4 Nf6 2. c4 e6 3. Nc3 Bb4 4. Qc2 O-O 5. a3 Bxc3+ 6. Qxc3 b5 7. cxb5 c6 8.
Bg5 cxb5 9. e3 Bb7 10. Nf3 h6 11. Bh4 g5 12. Bg3 Ne4 13. Qd3 f5 14. Nd2 a6 15.
Nxe4 Bxe4 16. Qd2 Nc6 17. Bd6 Na5 18. Qb4 Rf7 19. Rc1 Rc8 20. Rxc8 Qxc8 21.
Qxa5 Qc1+ 22. Ke2 f4 23. exf4 Bd5 24. Qd2 Qc6 25. Qb4 Qc2+ 26. Qd2 Qc6 27. Qb4
Qc2+ 1/2-1/2

[Event "10th Montreal International Chess Tourn"]
[Site "Montreal"]
[Date "2009.??.??"]
[Round "10"]
[White "Bhat"]
[Black "Moiseenko"]
[Result "0-1"]
[WhiteElo "2473"]
[BlackElo "2682"]
[PlyCount "118"]
[EventDate "2009.??.??"]
[EventCountry "CAN"]

1. d4 d5 2. c4 dxc4 3. e4 Nc6 4. Nf3 Bg4 5. d5 Ne5 6. Bf4 Ng6 7. Be3 e5 8. Bxc4
Nf6 9. Nc3 Bd6 10. Bb5+ Bd7 11. Nd2 O-O 12. f3 c6 13. dxc6 bxc6 14. Bc4 Qe7 15.
Na4 Nf4 16. O-O Rfd8 17. Qc2 c5 18. Rfe1 N6h5 19. Nc3 Ne6 20. Bxe6 Bxe6 21. b3
Nf4 22. Rad1 c4 23. Nxc4 Bc5 24. Na4 Bxe3+ 25. Nxe3 Rac8 26. Rxd8+ Qxd8 27. Rd1
Qg5 28. Qd2 h5 29. Kf1 h4 30. b4 Bc4+ 31. Nxc4 Rxc4 32. Qd8+ Qxd8 33. Rxd8+ Kh7
34. Rd2 Rxb4 35. Nc5 Rb1+ 36. Kf2 Rc1 37. Nd7 f6 38. g3 Ne6 39. Kg2 Rc3 40. Rf2
Kg6 41. Nb8 Kh5 42. Na6 Ng5 43. gxh4 Kxh4 44. Nb4 Nh3 45. Rc2 Re3 46. Rc8 Re2+
47. Kf1 Rxh2 48. Rc7 g5 49. Nd5 Rxa2 50. Nxf6 Rf2+ 51. Ke1 Rxf3 52. Nd5 a5 53.
Re7 Nf4 54. Kd2 Rf2+ 55. Kc3 g4 56. Ne3 Rf3 57. Kd2 g3 58. Nf5+ Kh3 59. Nxg3
Ng6 0-1

[Event "10th Montreal International Chess Tourn"]
[Site "Montreal"]
[Date "2009.??.??"]
[Round "10"]
[White "Tiviakov"]
[Black "Onischuk"]
[Result "1-0"]
[WhiteElo "2674"]
[BlackElo "2699"]
[PlyCount "127"]
[EventDate "2009.??.??"]
[EventCountry "CAN"]

1. e4 e5 2. Nf3 Nc6 3. Bc4 Nf6 4. d3 Bc5 5. c3 a6 6. Bb3 d6 7. h3 h6 8. Nbd2
Be6 9. Nf1 Qd7 10. Ng3 d5 11. Qe2 O-O-O 12. Bd2 Rhe8 13. Bc2 g5 14. Be3 d4 15.
Bd2 Ba7 16. h4 dxc3 17. bxc3 Ng4 18. Be3 Nxe3 19. fxe3 Qe7 20. hxg5 hxg5 21.
Kf2 Qf6 22. Kg1 Rh8 23. Rxh8 Rxh8 24. Nh2 Ne7 25. Bb3 Bxb3 26. axb3 Qb6 27. Ng4
Qxb3 28. Rc1 Qe6 29. d4 exd4 30. cxd4 Kb8 31. Rf1 Rh4 32. Ne5 Rh7 33. Qf3 Nc6
34. Nxf7 Nxd4 35. Qf2 Nc2 36. Nxg5 Qe8 37. Nxh7 Nxe3 38. Qf8 Nxf1+ 39. Kxf1
Qxf8+ 40. Nxf8 a5 41. e5 Kc8 42. Nf5 Bc5 43. Ne6 Bb4 44. Ned4 a4 45. Ke2 a3 46.
Kd3 a2 47. Nb3 Kd7 48. Nfd4 Bf8 49. g4 c5 50. Nb5 Ke6 51. Ke4 c4 52. Na1 Bh6
53. Nd4+ Kf7 54. Kd5 Bc1 55. e6+ Kf6 56. Nac2 Ba3 57. Nb5 Bb4 58. Nd6 Ke7 59.
g5 Bc3 60. Nf5+ Ke8 61. Kxc4 a1=Q 62. Nxa1 Bxa1 63. g6 Kf8 64. Kc5 1-0

[Event "10th Montreal International Chess Tourn"]
[Site "Montreal"]
[Date "2009.??.??"]
[Round "10"]
[White "Mazé"]
[Black "Kovalyov"]
[Result "1/2-1/2"]
[WhiteElo "2546"]
[BlackElo "2572"]
[PlyCount "29"]
[EventDate "2009.??.??"]
[EventCountry "CAN"]

1. d4 Nf6 2. Nf3 e6 3. c4 b6 4. g3 Bb4+ 5. Bd2 c5 6. Bg2 Bb7 7. O-O Bxd2 8.
Qxd2 cxd4 9. Qxd4 Nc6 10. Qd2 a6 11. Nc3 Ne7 12. Rfd1 Qc7 13. b3 Rd8 14. Rac1
d6 15. Nd4 1/2-1/2

[Event "10th Montreal International Chess Tourn"]
[Site "Montreal"]
[Date "2009.??.??"]
[Round "11"]
[White "Onischuk"]
[Black "Roussel-Roozmon"]
[Result "1/2-1/2"]
[WhiteElo "2699"]
[BlackElo "2487"]
[PlyCount "109"]
[EventDate "2009.??.??"]
[EventCountry "CAN"]

1. d4 d5 2. c4 c6 3. Nc3 Nf6 4. Nf3 a6 5. g3 dxc4 6. Bg2 b5 7. Ne5 Bb7 8. b3
cxb3 9. axb3 e6 10. O-O Be7 11. Bb2 O-O 12. Qc2 Nbd7 13. Nxc6 Bxc6 14. Bxc6 Rc8
15. Bxd7 Qxd7 16. Qd3 Qb7 17. f3 Rfd8 18. Rfd1 h6 19. Ne4 e5 20. e3 exd4 21.
Bxd4 Nxe4 22. Qxe4 Qxe4 23. fxe4 Rc6 24. Kf2 Bb4 25. Kf3 a5 26. h4 Ra8 27. h5
a4 28. bxa4 bxa4 29. Rdb1 Rc4 30. Ra2 Bc5 31. Rd1 Rd8 32. Rad2 Bb4 33. Ra2 Bc5
34. Rad2 Bb4 35. Ra2 a3 36. Rb1 Rdc8 37. e5 Kf8 38. Ke4 Bc5 39. Rb7 Bxd4 40.
exd4 Rd8 41. Rxa3 Rcxd4+ 42. Kf5 Rd1 43. Rf3 R1d7 44. Rxd7 Rxd7 45. Rb3 Re7 46.
g4 Re8 47. Rb7 Re7 48. Rb8+ Re8 49. Rxe8+ Kxe8 50. e6 Ke7 51. exf7 Kxf7 52. g5
hxg5 53. Kxg5 Kg8 54. h6 gxh6+ 55. Kxh6 1/2-1/2

[Event "10th Montreal International Chess Tourn"]
[Site "Montreal"]
[Date "2009.??.??"]
[Round "11"]
[White "Naiditsch"]
[Black "Bhat"]
[Result "1-0"]
[WhiteElo "2697"]
[BlackElo "2473"]
[PlyCount "53"]
[EventDate "2009.??.??"]
[EventCountry "CAN"]

1. c4 c6 2. e4 d5 3. exd5 cxd5 4. d4 Nf6 5. Nc3 g6 6. Qb3 Bg7 7. cxd5 O-O 8.
Nge2 Re8 9. Nf4 Nbd7 10. Be2 Nb6 11. O-O h6 12. a4 a5 13. h4 Bf5 14. Be3 Qd6
15. Nb5 Qd8 16. Rac1 Nfxd5 17. Bf3 Nxe3 18. fxe3 e5 19. dxe5 Bxe5 20. h5 Kg7
21. Bxb7 Rb8 22. Bc6 Rf8 23. hxg6 fxg6 24. Be4 Qh4 25. Bxf5 Rxf5 26. Nd4 Rh5
27. Nf3 1-0

[Event "10th Montreal International Chess Tourn"]
[Site "Montreal"]
[Date "2009.??.??"]
[Round "11"]
[White "Kovalyov"]
[Black "Bacrot"]
[Result "1/2-1/2"]
[WhiteElo "2572"]
[BlackElo "2721"]
[PlyCount "144"]
[EventDate "2009.??.??"]
[EventCountry "CAN"]

1. Nf3 c5 2. c4 Nf6 3. Nc3 Nc6 4. g3 d5 5. cxd5 Nxd5 6. Bg2 Nc7 7. a3 e5 8. b4
f6 9. Rb1 cxb4 10. axb4 a6 11. O-O Be7 12. b5 axb5 13. Nxb5 Nxb5 14. Rxb5 O-O
15. d3 Ra5 16. Qb3+ Kh8 17. Be3 f5 18. Rb1 f4 19. Bb6 Rxb5 20. Qxb5 Qd6 21. Nd2
Bg4 22. Bf3 Bxf3 23. Nxf3 Ra8 24. Qc4 h6 25. Kg2 Qd7 26. Rb5 Bf6 27. Rb1 Ne7
28. Qb5 Nc6 29. Qb3 Be7 30. Qf7 Rf8 31. Qc4 Ra8 32. h3 fxg3 33. fxg3 Rc8 34.
Qe4 Bf6 35. Bf2 Re8 36. g4 Nd8 37. Bg3 Qe6 38. Rb4 Qc6 39. Qxc6 Nxc6 40. Rxb7
e4 41. dxe4 Rxe4 42. Kf1 Nd4 43. Nxd4 Rxd4 44. Kf2 Kh7 45. Rb5 Kg6 46. Kf3 Ra4
47. h4 Kf7 48. e3 g6 49. Rb7+ Kg8 50. Bf4 Bxh4 51. Bxh6 Bf6 52. Bf4 Rc4 53. g5
Ba1 54. Ke2 Rc5 55. Re7 Kf8 56. Re4 Kf7 57. Kf3 Bg7 58. Kg4 Bf8 59. Be5 Rb5 60.
Rf4+ Ke8 61. Bd4 Be7 62. Bf6 Bd6 63. Rf1 Rb3 64. Bd4 Be7 65. e4 Rb4 66. Rd1 Kf7
67. Kf4 Ke6 68. Be3 Rb5 69. Rg1 Bxg5+ 70. Rxg5 Rxg5 71. Kxg5 Ke5 72. Kxg6 Kxe4
1/2-1/2